Statistiques concernant Grand Est français

Cliquez ici pour prendre le quiz!

Statistiques générales

  • Ce quiz a été pris 45 fois
  • Le résultat moyen est 10 sur 15

Statistiques - réponses

VillePopulation en 2021Département% Correct
Strasbourg291 31367
98%
Metz120 87457
93%
Nancy104 26054
93%
Colmar67 73068
91%
Mulhouse106 34168
86%
Reims179 38051
86%
Dijon159 34621
81%
Troyes62 78210
70%
Chalons-en-Champagne43 87751
63%
Besançon119 19825
58%
Belfort45 15590
56%
Charleville-Mézières46 39808
56%
Thionville42 16357
42%
Chalon-sur-Saône45 03171
37%
Haguenau35 71567
37%

Distribution des résultats

Percentile par nombre de réponses

% des personnes avec chaque résultat

Votre développement - résultats

Vous n’avez pas pris ce quiz